000 00499nam a22001577a 4500
005 20140127115145.0
008 140127b xxu||||| |||| 00| 0 eng d
050 _aLC368.
_bS198 2000
100 _aSandsmark, Signe
_97106
245 _aIs world view neutral education possible and desirable?
_cSandsmark, Signe
260 _aCumbria
_bPaternoster Press
_c2000
300 _axiv, 181p.;
_c23cm.
650 _aChristina education
_97107
700 _aSandsmark, Signe
_97108
942 _2lcc
_cMONOGRAPH
999 _c119708
_d119708